00565nam a22001817a 450000500170000000800400001702000150005705000200007210000220009224000400011424500720015425000110022626000390023730000280027649000240030465000230032870000320035120220728151951.0111129t sp||||| |||| 00| 0 spa d a842310857004aTR146bD47 19731 aDesilets, Antoine1 aLa technique de la photolespañol10aTècnica fotograficac/ Antoine Desilets ; traduccion E. Mascaro.  a1a ed. aMadrid, España :bDaimon, c1973 a252 p. :bil. ;c20 cm.0 aColecciòn Para ti 72lembaFotografía1 aMascaró, E., etraductor